Les vainqueurs de National - Statistiques

Statistiques générales
  • Ce quiz a été pris 30 fois
  • Le résultat moyen est 22 sur 32
Statistiques - réponses
Année Champion Vice-Champion % Correct
2024 AS Nancy-Lorraine Le Mans FC
88%
2014 Red Star FC Paris FC
88%
2017 Red Star FC AS Béziers
88%
2023 Red Star FC FC Martigues
88%
2010 SC Bastia Amien SC
88%
2020 SC Bastia US Quevilly-Rouen-Métropole
88%
2003 Stade de Reims Stade Brestois
88%
1997 AC Ajaccio CS Sedan-Ardennes
83%
2021 Stade Lavallois FC Annecy
83%
2015 RC Strasbourg US Orléans LF
79%
2004 Valenciennes FC ASOA Valence
79%
2005 Chamois Niortais Tours FC
75%
2009 Evian Thonon Gaillard FC Stade de Reims
75%
1996 Nimes Olympiques ES Wasquehal
75%
2011 Nimes Olympiques Chamois Niortais FC
75%
2013 US Orléans LF Luzenac AP
75%
1994 FC Lorient SAS épinal
71%
1993 LB Chateauroux EA Guingamp
71%
2016 LB Chateauroux US Quevilly-Rouen-Métropole
71%
2019 Pau FC USL Dunkerque
71%
2018 Rodez AF FC Chambly Oise
71%
2001 Clermont Foot Stade de Reims
67%
2006 Clermont Foot US Boulogne CO
67%
2008 FC Istres Stade Lavallois
63%
1995 Sporting Toulon Var Stade Briochin
63%
2012 US Créteil-Lusitanos FC Metz
63%
2000 Grenoble Foot 38 Amiens SC
58%
2022 US Concarneau USL Dunkerque
50%
1999 AS Beauvais FC Martigues
42%
2007 Vannes OC Tours FC
33%
2002 Besançon RC Angers SCO
29%
1998 CS Louhans-Cuiseaux US Créteil-Lusitanos
25%
Aucun quiz correspondant
Distribution des résultats
% des personnes avec chaque résultat
Percentile par nombre de réponses
Votre historique - résultats
Vous n’avez pas pris ce quiz